Szczegóły MARC
| 000 -Nagłówek |
| fixed length control field |
02713cam a2200625 i 4500 |
| 001 - Nr kontrolny bibl., która utworzyła rek. |
| control field |
xx004672130 |
| 003 - Siglum bibl., której nr kontr. jest w 001 |
| control field |
NUKAT |
| 005 - Data i czas ostatniej operacji |
| control field |
20260415134038.0 |
| 008 - Elementy pola stałej długości |
| fixed length control field |
190725s2019 pl a |001 0bpol c |
| 020 ## - ISBN |
| ISBN |
9788380986367 |
| dopowiedzenie |
(oprawa twarda) : |
| warunki dostępności |
zł 20,00 |
| 035 ## - Systemowy numer kontrolny |
| systemowy numer kontrolny |
(OCoLC)1111755666 |
| 035 ## - Systemowy numer kontrolny |
| systemowy numer kontrolny |
(NUKAT)xx004672130 |
| 040 ## - Instytucja sporządzająca opis |
| Instytucja, która sporządziła opis |
WR U/da |
| język katalgowania-trzyzn. kod |
pol |
| zasady opisu |
rda |
| Instytucja, która sporządziła rekord |
WR U/das |
| Instytucja, która zmodyfikowała rekord |
WR U/hp |
| -- |
WA 14/PTs |
| -- |
OLSZT 008/bak |
| 045 2# - Okres czasu dla zawartości |
| czas między r. 9999 pne a nasz. czas. |
d1913 |
| -- |
d1989 |
| 046 ## - Kod rodz. daty, data1, data2 (daty pne) |
| Begin/single date |
2019 |
| 100 1# - Hasło główne-nazwa osobowa |
| Nazwa osobowa |
Wierzbicki, Marek |
| Daty biograficzne |
(1964- ). |
| rodzaj współpracy |
Autor |
| 9 (RLIN) |
40092 |
| 245 10 - Tytuł właściwy i oznaczenie odpow. |
| tytuł |
Człowiek z Polski : |
| dodatek do tytułu |
prezydent RP Kazimierz Aleksander Sabbat (1913-1989) i polska emigracja niepodległościowa / |
| dod. inf. ze s. tyt./ozn. odpow. |
Marek Wierzbicki ; Instytut Pamięci Narodowej - Komisja Ścigania Zbrodni przeciwko Narodowi Polskiemu. Oddział w Lublinie. |
| 246 30 - Inne formy tytułu, wariant tytułu |
| tytuł |
Prezydent RP Kazimierz Sabbat (1913-1989) i polska emigracja niepodległościowa |
| 260 ## - Adres wydawniczy |
| miejsce wydania, dystrybucji itp. |
Lublin ; |
| -- |
Warszawa : |
| nazwa wydawcy, dystrybutora itp. |
Instytut Pamięci Narodowej, |
| data wydania, dystrybucji itp. |
2019. |
| 300 ## - Opis fizyczny |
| objętość i/lub forma materiału |
175 stron : |
| inne szczegóły opisu fizycznego |
ilustracje (w tym kolorowe) ; |
| format |
25 cm. |
| 336 ## - Content Type |
| Term |
Tekst |
| Code |
txt |
| Source |
rdacontent |
| 337 ## - Media Type |
| Term |
Bez urządzenia pośredniczącego |
| Code |
n |
| Source |
rdamedia |
| 338 ## - Carrier Type |
| Term |
Wolumin |
| Code |
nc |
| Source |
rdacarrier |
| 380 ## - Form of work |
| Form of work |
Książki |
| 380 ## - Form of work |
| Form of work |
Publikacje naukowe |
| 385 ## - Audience Characteristics |
| Audience term |
Historycy |
| 385 ## - Audience Characteristics |
| Audience term |
Politolodzy |
| 388 1# - TIME PERIOD OF CREATION |
| Time period of creation term |
2001- |
| 504 ## - Uwaga o bibliografii |
| uwaga o bibliografii |
Bibliografia na stronach 159-166. Indeksy. |
| 600 17 - Hasło przedmiotowe-nazwa osobowa |
| nazwa osobowa |
Sabbat, Kazimierz |
| daty biograficzne |
(1913-1989). |
| źródło hasła |
kaba |
| 9 (RLIN) |
40095 |
| 600 17 - Hasło przedmiotowe-nazwa osobowa |
| nazwa osobowa |
Sabbat, Kazimierz |
| daty biograficzne |
(1913-1989) |
| źródło hasła |
DBN |
| 9 (RLIN) |
40093 |
| 610 27 - Hasło przedmiotowe-nazwa ciała zbior. |
| nazwa ciała zbior. lub geogr. |
Rząd Rzeczypospolitej Polskiej na uchodźstwie |
| źródło hasła |
DBN |
| 9 (RLIN) |
39662 |
| 648 #7 - SUBJECT ADDED ENTRY--CHRONOLOGICAL TERM |
| Chronological term |
1901-2000 |
| Source of heading or term |
DBN |
| 9 (RLIN) |
34996 |
| 650 #7 - Hasło przedmiotowe-nazwa pospolita |
| nazwa pospolita lub geogr. |
Polacy |
| określnik geograficzny |
za granicą |
| określnik chronologiczny |
1945-1990. |
| źródło hasła |
kaba |
| 9 (RLIN) |
40096 |
| 650 #7 - Hasło przedmiotowe-nazwa pospolita |
| nazwa pospolita lub geogr. |
Harcerze i harcerki |
| źródło hasła |
DBN |
| 9 (RLIN) |
40094 |
| 650 #7 - Hasło przedmiotowe-nazwa pospolita |
| nazwa pospolita lub geogr. |
Emigracja |
| źródło hasła |
DBN |
| 9 (RLIN) |
39632 |
| 650 #7 - Hasło przedmiotowe-nazwa pospolita |
| nazwa pospolita lub geogr. |
Emigracja polityczna |
| źródło hasła |
DBN |
| 9 (RLIN) |
37405 |
| 650 #7 - Hasło przedmiotowe-nazwa pospolita |
| nazwa pospolita lub geogr. |
Polacy za granicą |
| źródło hasła |
DBN |
| 9 (RLIN) |
35953 |
| 650 #7 - Hasło przedmiotowe-nazwa pospolita |
| nazwa pospolita lub geogr. |
Polityka |
| źródło hasła |
DBN |
| 9 (RLIN) |
35231 |
| 650 #7 - Hasło przedmiotowe-nazwa pospolita |
| nazwa pospolita lub geogr. |
Prezydenci |
| źródło hasła |
DBN |
| 9 (RLIN) |
39664 |
| 650 #7 - Hasło przedmiotowe-nazwa pospolita |
| nazwa pospolita lub geogr. |
PRL |
| źródło hasła |
DBN |
| 9 (RLIN) |
35084 |
| 650 #7 - Hasło przedmiotowe-nazwa pospolita |
| nazwa pospolita lub geogr. |
Przywódcy i głowy państw |
| źródło hasła |
DBN |
| 9 (RLIN) |
37320 |
| 651 #7 - Hasło przedmiotowe-nazwa geogr. |
| nazwa geograficzna |
Polska |
| określnik rzeczowy |
emigracja i imigracja |
| określnik chronologiczny |
1945-1990. |
| źródło hasła |
kaba |
| 9 (RLIN) |
14129 |
| 651 #7 - Hasło przedmiotowe-nazwa geogr. |
| nazwa geograficzna |
Polska |
| określnik chronologiczny |
1944-1989 (Polska Ludowa). |
| źródło hasła |
kaba |
| 9 (RLIN) |
14586 |
| 651 #7 - Hasło przedmiotowe-nazwa geogr. |
| nazwa geograficzna |
Polska |
| źródło hasła |
DBN |
| 9 (RLIN) |
35076 |
| 651 #7 - Hasło przedmiotowe-nazwa geogr. |
| nazwa geograficzna |
Wielka Brytania |
| źródło hasła |
DBN |
| 9 (RLIN) |
36137 |
| 655 #7 - Termin określający rodzaj/formę |
| rodzaj/forma |
Biografia |
| źródło terminu |
DBN |
| 9 (RLIN) |
35059 |
| 655 #7 - Termin określający rodzaj/formę |
| rodzaj/forma |
Monografia |
| źródło terminu |
DBN |
| 9 (RLIN) |
35240 |
| 658 ## - Nazwa określająca cel programu nauczania |
| główny cel programu nauczania |
Historia |
| 658 ## - Nazwa określająca cel programu nauczania |
| główny cel programu nauczania |
Polityka, politologia, administracja publiczna |
| 710 2# - Hasło dodatkowe - nazwa ciała zbior. |
| nazwa ciała zbior. lub nazwa geogr. |
Instytut Pamięci Narodowej - Komisja Ścigania Zbrodni przeciwko Narodowi Polskiemu. |
| nazwa jednostki podrzędnej |
Oddział (Lublin). |
| rodzaj współpracy |
Instytucja sprawcza |
| 9 (RLIN) |
14495 |
| 710 2# - Hasło dodatkowe - nazwa ciała zbior. |
| nazwa ciała zbior. lub nazwa geogr. |
Instytut Pamięci Narodowej - Komisja Ścigania Zbrodni przeciwko Narodowi Polskiemu. |
| rodzaj współpracy |
Wydawca |
| kod rodzaju współpracy |
pbl |
| 9 (RLIN) |
11792 |
| 920 ## - ISBN |
| ISBN |
978-83-8098-636-7 (oprawa twarda) : zł 20,00 |
| 942 ## - ADDED ENTRY ELEMENTS (KOHA) |
| Source of classification or shelving scheme |
Dewey Decimal Classification |
| Koha item type |
pozycje dostępne na miejscu |